Vida animal nos rios e nos lagos (Registo nº 4131)

Detalhes MARC
000 -Etiqueta do registo
Cabeçalho 00915cam a2200265 4500
005 - Identificador da versão
Campo de controlo 20240813122053.0
010 ## - Número internacional normalizado dos livros (ISBN)
Número (ISBN) 9727071929
100 ## - Dados gerais de processamento
Dados gerais de processamento 20070803d1998 demy0pory5003 ba
102 ## - Pais de publicação ou produção
País de publicação Portugal
101 1# - Língua de publicação
Língua do texto, banda sonora, etc. Português
Língua do documento no original Inglês
215 ## - Descrição física 
Indicação específica da natureza do documento e extensão da espécie 125 p.
Outras indicações físicas muito il. color.
Dimensões 18 cm
200 1# - Titulo e menção de responsabilidade
Título próprio Vida animal nos rios e nos lagos
Informação de outro título [guia prático para identificar as espécies animais que vivem na água doce]
Primeira menção de responsabilidade Pamela e Peter Forey
Outras menções de responsabilidade trad. e rev. técn. Lília Esteves
-- adapt. Lília Esteves
225 1# - Colecção 
Título próprio da colecção Pequenos guias da natureza
210 ## - Publicação, Distribuição, etc. 
Lugar da edição, distribuição, etc. Lisboa
Nome do editor, distribuidor, etc. Plátano
Data da publicação, distribuição, etc. 1998
304 ## - Notas relativas a título e menção de responsabilidade 
Texto da nota Tít. orig.: Pocket guide to freshwater life
675 ## - Classificação Decimal Universal (CDU)
Notação 595/598
Edição BN
Língua da edição por
Notação 595/597
Edição BN
Língua da edição por
702 ## - Nome de autor-pessoa física (responsabilidade secundária)
Número de registo de entrada de autoridade 0000764
Palavra de ordem Esteves
Outra parte do nome não tomada para palavra de ordem Lília
Código de função Tradutor
-- Revisor
-- Adaptador
701 ## - Nome de autor-pessoa física (co-responsabilidade principal)
Palavra de ordem Forey
Outra parte do nome não tomada para palavra de ordem Peter
Código de função Autor / Co-autor
700 ## - Nome de autor-pessoa física (responsabilidade principal)
Número de registo de entrada de autoridade 0000762
Palavra de ordem Forey
Outra parte do nome não tomada para palavra de ordem Pamela
942 ## - Elementos de entrada adicionados (Koha)
Tipo de item no Koha Livro
Exemplares
Situação do levantamento Origin of item (home branch) (coded) Biblioteca de empréstimo Código de barras Cota Circulation type (not for loan) Tipo de documento Nota do exemplar Damaged status
  Biblioteca Escolar das Vendas Biblioteca Escolar das Vendas BEV607 5ZOO FOR   Livro Sem mensagem